| 000 | 00378 a2200169 4500 | ||
|---|---|---|---|
| 001 | 69422 | ||
| 020 | _a8598322075 | ||
| 040 | _cAnchieta - Itaigara | ||
| 100 | _aSouza, Alexandre Barbosa de | ||
| 240 | 1 | 0 |
_aDom Quixote _lpor |
| 245 | 1 | 0 | _aDom Quixote |
| 300 | _a71 | ||
| 362 | 0 | _a2004 | |
| 440 | 1 | _aEscala Educacional | |
| 650 | 4 | _aLiteratura infanto-juvenil | |
| 942 | _cBK | ||
| 999 |
_c69422 _d69422 |
||